00912nam a2200265Ia 450000100060000000300090000600800410001504000130005604000130006904100120008210000220009410000290011624500780014524500460022325000110026926000150028026000320029526000490032730000580037650000720043465000250050665000310053170000300056270000540059260114IT-RoPAU130308s9999 xx 000 0 und d aIT-RoPAU cIT-RoPAU aINGLESE aMatheson Margaret gCodice Aut. SPICS: 21222 aCo-Production in the Next Decade: Towards an international Public Service bBbc And Public Service broadcasting (The) a1a ed. aMANCHESTER bManchester University Press c1986 [1° Ed.:1986 - Ed.Ling.Originale:1986] a"14 p. (prefazione: no ; testo: 14 [pagine: 92-105])" aCoproduzione televisiva Servizio Pubblico Televisivo Internazionale aINDUSTRIA TELEVISIVA eCodice materia Spics: 6956 aIsaacs JeremyCaughie John gCodice Aut. SPICS: 16507Codice Aut. SPICS: 7080